Ez már világszint
Elmentve itt :
| Szerző: | |
|---|---|
| Adatforrás: | Meister |
| Forrásdokumentuma: | A Hét. - 49-52 sz., 1992, 12-13 p. |
| Nyelv: | magyar |
| Kulcsszavak: | informatika riport (közéleti) Budapest |
| LEADER | 00369nab a2200145 i 4500 | ||
|---|---|---|---|
| 001 | bibPRO00006580 | ||
| 008 | 060524s1992 xx hun | ||
| 040 | |a Sz1 | ||
| 041 | |a hun | ||
| 100 | 1 | |a BALLA Katalin | |
| 245 | 1 | 0 | |a Ez már világszint |c BALLA Katalin |
| 695 | |a informatika | ||
| 695 | |a riport (közéleti) | ||
| 695 | |a Budapest | ||
| 773 | 0 | |t A Hét. - |g 49-52 sz., 1992, 12-13 p. | |